Former Countries by Capital #2 - Statistics

General Stats
  • This quiz has been taken 3,397 times
  • The average score is 8 of 25
Answer Stats
Ended Capital Answer % Correct
1918 Munich Bavaria
68%
1816 Palermo Sicily
65%
330 BC Persepolis Achaemenid Empire
58%
1431 Angkor Khmer Empire
46%
720 BC Samaria Kingdom of Israel
45%
1910 Hanseong Korean Empire
42%
1979 Salisbury Rhodesia
41%
888 Aachen Carolingian Empire
38%
1857 Agra Mughal Empire
37%
1918 Dresden Saxony
37%
1368 Karakorum Mongolian Empire
33%
1861 Turin Sardinia
32%
1066 Winchester Wessex
27%
1547 Nantes Brittany
26%
1961 Cairo United Arab Republic
25%
586 BC Jerusalem Judah
20%
1964 Stone Town Zanzibar
18%
1925 Mecca Kingdom of Hejaz
17%
1178 BC Hattusa Hittite Empire
16%
1507 Samarkand Timurid Dynasty
13%
1897 Ulundi Zulu Kingdom
12%
1591 Gao Songhai Empire
11%
1859 Targoviste Wallachia
11%
1849 Lahore Sikh Empire
7%
1888 Kuching Sarawak
6%
No matching quizzes found
Score Distribution
Percent of People with Each Score
Percentile by Number Answered
Your Score History
You have not taken this quiz